[Event "Madrid San Viator op 19th"]
[Site "Madrid"]
[Date "2012.10.07"]
[Round "3"]
[White "Mina Mena, Jesus"]
[Black "Lianes Garcia, Marcos"]
[Result "0-1"]
[WhiteElo "1777"]
[BlackElo "1627"]
[PlyCount "59"]
[EventDate "2012.09.23"]
[EventType "swiss"]
[EventRounds "9"]
[EventCountry "ESP"]
[SourceTitle "EXT 2013"]
[Source "ChessBase"]
[SourceDate "2012.11.22"]
[SourceVersion "1"]
[SourceVersionDate "2012.11.22"]
[SourceQuality "1"]

1. d4 Nf6 2. c4 g6 3. Nc3 Bg7 4. e4 d6 5. f4 0-0 6. Nf3 c5 7. d5 a6 8. a4 e6 9. Be2 exd5 10. cxd5 Re8 11. Nd2 Nbd7 12. 0-0 b6 13. Re1 Qc7 14. Bf3 Bb7 15. Nc4 h6 16. Be3 Nh7 17. Qd3 Nhf8 18. e5 dxe5 19. d6 Qb8 20. Nxe5 Bxe5 21. Bxb7 Qxb7 22. fxe5 Nxe5 23. Qc2 Ng4 24. Bf4 Ne6 25. Bg3 Nd4 26. Qd3 Nf5 27. Bf4 Nf6 28. h3 Rad8 29. g4 Nh4 30. Qg3 0-1